<?xml version="1.0" encoding="UTF-8"?>
<record
    xmlns:xsi="http://www.w3.org/2001/XMLSchema-instance"
    xsi:schemaLocation="http://www.loc.gov/MARC21/slim http://www.loc.gov/standards/marcxml/schema/MARC21slim.xsd"
    xmlns="http://www.loc.gov/MARC21/slim">

  <leader>01574nam a22002657a 4500</leader>
  <controlfield tag="001">BRCA_9228</controlfield>
  <controlfield tag="003">FranzMayer</controlfield>
  <controlfield tag="005">20220921134206.0</controlfield>
  <controlfield tag="008">220912b        |||||||| |||| 00| 0 eng d</controlfield>
  <datafield tag="020" ind1=" " ind2=" ">
    <subfield code="a">9788417419615</subfield>
  </datafield>
  <datafield tag="040" ind1=" " ind2=" ">
    <subfield code="b">spa</subfield>
    <subfield code="c">MFM</subfield>
  </datafield>
  <datafield tag="041" ind1=" " ind2=" ">
    <subfield code="a">spa</subfield>
  </datafield>
  <datafield tag="050" ind1=" " ind2=" ">
    <subfield code="a">NE1325. G45</subfield>
    <subfield code="b">E88 2020</subfield>
  </datafield>
  <datafield tag="245" ind1=" " ind2=" ">
    <subfield code="a">Estampas del Jap&#xF3;n m&#xED;tico : </subfield>
    <subfield code="b">Gekk&#x14D; Zuihitsu / </subfield>
    <subfield code="c">ed. V. David Almaz&#xE1;n Tom&#xE1;s</subfield>
  </datafield>
  <datafield tag="260" ind1=" " ind2=" ">
    <subfield code="a">Espa&#xF1;a : </subfield>
    <subfield code="b">Satori, </subfield>
    <subfield code="c">2020</subfield>
  </datafield>
  <datafield tag="300" ind1=" " ind2=" ">
    <subfield code="a">153 p. : </subfield>
    <subfield code="b">il. ; </subfield>
    <subfield code="c">17 x 24 cm. </subfield>
  </datafield>
  <datafield tag="490" ind1=" " ind2=" ">
    <subfield code="a">Satori Arte</subfield>
  </datafield>
  <datafield tag="500" ind1=" " ind2=" ">
    <subfield code="a">Ubicaci&#xF3;n: L60-N1</subfield>
  </datafield>
  <datafield tag="500" ind1=" " ind2=" ">
    <subfield code="a">&#xCD;ndice de estampas de Gekk&#x14D; Zuihitsu: pp. 151-153</subfield>
  </datafield>
  <datafield tag="520" ind1=" " ind2=" ">
    <subfield code="a">A finales del siglo XIX, cuando Jap&#xF3;n se abr&#xED;a al mundo tras siglos de aislamiento abrazando con entusiasmo la modernizaci&#xF3;n y la industrializaci&#xF3;n, un joven artista llamado Ogata Gekk&#x14D; de formaci&#xF3;n autodidacta revolucion&#xF3; el panorama art&#xED;stico japon&#xE9;s creando un nuevo estilo de grabado ukiyo-e que sintonizaba con los gustos de quienes miraban con nostalgia c&#xF3;mo el Jap&#xF3;n tradicional.La serie Gekk&#x14D; Zuihitsu (Ensayos de Gekk&#x14D;), que comenz&#xF3; a publicarse en 1887, est&#xE1; formada por cuarenta y siete estampas de gran calidad, una por cada letra del alfabeto japon&#xE9;s, que retratan dioses, dragones, emperadores, princesas, poetas, samur&#xE1;is, monjes y un amplio repertorio de personajes y tradiciones niponas.</subfield>
  </datafield>
  <datafield tag="600" ind1=" " ind2=" ">
    <subfield code="a">Ogata, Gekk&#x14D;,&#x200F;</subfield>
    <subfield code="d">1859-1920</subfield>
    <subfield code="v">Cat&#xE1;logo</subfield>
    <subfield code="x">Arte</subfield>
    <subfield code="z">Jap&#xF3;n</subfield>
    <subfield code="9">28548</subfield>
  </datafield>
  <datafield tag="650" ind1=" " ind2=" ">
    <subfield code="a">Ukiyoe</subfield>
    <subfield code="x">Arte</subfield>
    <subfield code="x">Grabado</subfield>
    <subfield code="z">Jap&#xF3;n</subfield>
    <subfield code="9">28547</subfield>
  </datafield>
  <datafield tag="942" ind1=" " ind2=" ">
    <subfield code="2">lcc</subfield>
    <subfield code="c">B</subfield>
  </datafield>
  <datafield tag="999" ind1=" " ind2=" ">
    <subfield code="c">10847</subfield>
    <subfield code="d">10847</subfield>
  </datafield>
  <datafield tag="952" ind1=" " ind2=" ">
    <subfield code="0">0</subfield>
    <subfield code="1">0</subfield>
    <subfield code="2">lcc</subfield>
    <subfield code="4">0</subfield>
    <subfield code="7">0</subfield>
    <subfield code="a">BRCA</subfield>
    <subfield code="b">BRCA</subfield>
    <subfield code="d">2022-09-12</subfield>
    <subfield code="l">0</subfield>
    <subfield code="o">NE1325. G45 E88 2020</subfield>
    <subfield code="p">CONT10016</subfield>
    <subfield code="r">2022-09-12 00:00:00</subfield>
    <subfield code="w">2022-09-12</subfield>
    <subfield code="y">B</subfield>
  </datafield>
</record>
